European Prime Ministers Quiz - Statistics

General Stats
  • This quiz has been taken 10 times
  • The average score is 10 of 54
Answer Stats
Country Prime Minister % Correct
United Kingdom Keir Starmer
63%
Germany Olaf Scholz
63%
Hungary Viktor Orbán
63%
Poland Donald Tusk
50%
Albania Edi Rama
50%
Italy Giorgia Meloni
50%
Spain Pedro Sánchez
50%
Turkey Recep Tayyip Erdoğan
50%
Austria Karl Nehammer
38%
Greece Kyriakos Mitsotakis
38%
Portugal Luís Montenegro
38%
France Michel Barnier
38%
Czechia Petr Fiala
38%
Finland Petteri Orpo
38%
Slovakia Robert Fico
38%
Belgium Alexander De Croo
25%
Romania Marcel Ciolacu
25%
Russia Mikhail Mishustin
25%
Armenia Nikol Pashinyan
25%
Slovenia Robert Golob
25%
Ireland Simon Harris
25%
Kosovo Albin Kurti
13%
Azerbaijan Ali Asadov
13%
Croatia Andrej Plenković
13%
Iceland Bjarni Benediktsson
13%
The Netherlands Dick Schoof
13%
Moldova Dorin Recean
13%
Latvia Evika Siliņa
13%
Lithuania Ingrida Šimonytė
13%
Estonia Kristen Michal
13%
Luxembourg Luc Frieden
13%
Malta Robert Abela
13%
Sweden Ulf Kristersson
13%
Andorra Xavier Espot Zamora
13%
Transnistria Aleksandr Rozenberg
0%
Abkhazia Alexander Ankvab
0%
Liechtenstein Daniel Risch
0%
Ukraine Denys Shmyhal
0%
Monaco Didier Guillaume
0%
Bulgaria Dimitar Glavchev
0%
Vatican City Fernando Vérgez Alzaga
0%
Northern Macedonia Hristijan Mickoski
0%
Georgia Irakli Kobakhidze
0%
Norway Jonas Gahr Støre
0%
South Ossetia Konstantin Dzhussoev
0%
San Marino Luca Beccari
0%
Denmark Mette Frederikson
0%
Montenegro Milojko Spajić
0%
Serbia Miloš Vučević
0%
Bosnia and Herzegovina Nermin Nikšić
0%
Cyprus Nikos Christodoulides
0%
Belarus Roman Golovchenko
0%
Northern Cyprus Ünal Üstel
0%
Switzerland Viola Amherd
0%
No matching quizzes found
Score Distribution
Percent of People with Each Score
Percentile by Number Answered
Your Score History
You have not taken this quiz